Elements of power system analysis (Record no. 161314)

MARC details
000 -LEADER
fixed length control field 00421nam a2200169Ia 4500
008 - FIXED-LENGTH DATA ELEMENTS--GENERAL INFORMATION
fixed length control field 231217s9999 xx 000 0 und d
041 ## - LANGUAGE CODE
Language code of text/sound track or separate title English
082 ## - DEWEY DECIMAL CLASSIFICATION NUMBER
Classification number 621.319 STE
100 ## - MAIN ENTRY--PERSONAL NAME
Personal name Stevenson, William D.
245 #0 - TITLE STATEMENT
Title Elements of power system analysis
250 ## - EDITION STATEMENT
Edition statement 4th ed.
260 ## - PUBLICATION, DISTRIBUTION, ETC.
Date of publication, distribution, etc. 1989
Name of publisher, distributor, etc. McGraw-Hill,
300 ## - PHYSICAL DESCRIPTION
Extent xii+436
500 ## - GENERAL NOTE
General note Content page available
650 ## - SUBJECT ADDED ENTRY--TOPICAL TERM
Topical term or geographic name entry element Power system
942 ## - ADDED ENTRY ELEMENTS (KOHA)
Koha item type Books
Holdings
Date last seen Total checkouts Full call number Accession number Uniform resource identifier Cost, total (INR) price Price effective from Category Lost status Damaged status Department Withdrawn status Home library Current library Entry date Cost, normal purchase price Grants Billnumber Billdate Currency symbol Conversion rate Discount Old discount
26/01/2024   621.319 STE 2388 digital/contents/49874.pdf 100.65 26/01/2024 Books     Central Library   Central Library Central Library 16/08/1990 5.50 EC 441 03/11/1990 USD 18.3    

© For any Suggestions or Query, please contact the library staff @ librarian@pes.edu or Phone: +9180 2672 1983/ 2108.